| 000 | 00728nam a2200253Ia 4500 | ||
|---|---|---|---|
| 001 | dia_4352 | ||
| 003 | CHAP | ||
| 005 | 20230125181142.0 | ||
| 007 | ta | ||
| 008 | 220117s1998 mx f 000 0 spa d | ||
| 010 | _a174995 | ||
| 040 |
_cCHAP _amxchpua |
||
| 090 | _aFOLLETO 2878 | ||
| 110 | 1 |
_9153584 _aMéxico. Banco Nacional de Comercio Exterior |
|
| 245 | 1 | 0 |
_aOportunidades de negocios para la industria de alimentos procesados estilo mexicano / _cBANCOMEXT |
| 260 |
_aMéxico, D.F. : _bBANCOMEXT, _c1998 |
||
| 300 | _aS.p. | ||
| 500 | _aD. | ||
| 650 | 1 | 3 |
_aAlimentos _94114 |
| 901 | _aFOLLETO 2878 | ||
| 902 | _aM | ||
| 905 | _a0000001998 mx 0000000000spa00 | ||
| 942 |
_cFOLL _2local |
||
| 999 |
_c174995 _d174995 |
||